Clavier QWERTY - Statistiques

Statistiques générales
  • Ce quiz a été pris 465 fois
  • Le résultat moyen est 24 sur 26
Statistiques - réponses
Lettre % Correct
Q
100%
E
99%
R
99%
T
99%
W
99%
Y
99%
I
97%
O
96%
U
96%
A
95%
P
95%
D
93%
S
93%
F
92%
G
92%
H
92%
J
92%
K
92%
L
92%
B
87%
C
87%
X
87%
Z
87%
N
86%
V
86%
M
84%
Aucun quiz correspondant
Distribution des résultats
% des personnes avec chaque résultat
Percentile par nombre de réponses
Votre historique - résultats
Vous n’avez pas pris ce quiz